000 00657cam a2200193 a 4500
001 000018444
005 20200929165817.0
008 970815s1996 mx 000 j spa d
020 _a9682988551
040 _aDO-SdBNP
_bspa
_cBNPHU
082 _axxxx
_bC346b
100 1 _aCastañon, Adolfo,
_d1952-
_912646
245 1 3 _aLa batalla perdurable :
_b(a veces prosa) /
_cAdolfo Castañón.
260 _aMéxico :
_bConsejo Nacional para la Cultura y las Artes,
_bEquilibrista,
_c1996.
300 _a153 p. ;
_c21 cm.
490 1 _aHora actual
500 _aIncluye datos biográficos del autor en la solapa de la contracubierta
830 0 _aHora actual
_922685
999 _c17964
_d17964